| 000 | 00809nam a2200265 a 4500 | ||
|---|---|---|---|
| 001 | BRL_1216 | ||
| 005 | 20190320211104.0 | ||
| 008 | 021213s1974----it-a######---#000-0#spa-# | ||
| 041 | _aspa | ||
| 044 | _ait | ||
| 050 | 4 |
_aDG63 _b.D35 1974 |
|
| 100 | 1 |
_aDal Maso, Leonardo B. _926151 |
|
| 245 | 1 | 0 |
_aRoma de los Cesares _cLeonardo Dal Maso ; traducción de Enrica Errera. |
| 260 |
_aItalia _bBonechi-Il Turismo _c1974 |
||
| 300 |
_a[128] p. _bil. (algunas a color) _c27 cm. |
||
| 440 | 0 |
_aItalia Artística _v8 _926152 |
|
| 500 | _aAu1408 | ||
| 500 | _aIncluye índice de lugares y monumentos | ||
| 504 | _aBibliografía: p. [128] | ||
| 651 | 4 |
_aRoma _xDescripción y viajes _926153 |
|
| 651 | 4 |
_aRoma _xAntigüedades _926154 |
|
| 700 | 1 |
_aErrera, Enrica _etr. _926155 |
|
| 902 | _aGRL | ||
| 942 |
_2lcc _cB |
||
| 999 |
_c10028 _d10028 |
||